000 00193nam a22000857a 4500
008 170124b xxu||||| |||| 00| 0 eng d
100 _92548
_aChawla.A
245 _aAir
260 _aNew delhi
_bDP
_c2010
999 _c5645
_d5645